Statistics for 10 Asian Cities with Busiest Airports

Click here to take the quiz!

General Stats

  • This quiz has been taken 1,535 times
  • The average score is 9 of 10

Answer Stats

PassengersCity% Correct
96.1mBeijing
98%
111.4mTokyo
98%
99.2mShanghai
95%
55.4mSingapore
87%
68.5mHong Kong
85%
57.0mJakarta
85%
83.2mBangkok
84%
72.4mSeoul
84%
88.9mDubai
83%
89.4mIstanbul
63%

Score Distribution

Percentile by Number Answered

Percent of People with Each Score

Your Score History

You have not taken this quiz